000 00252nam a22001217a 4500
041 _aENG
100 _aSinon .R.P
245 _aInmuation to Food Engineering
260 _aDelhi
_bA Cale Pub
_c2001
300 _a659
650 _aAPE
856 _uAPe
999 _c2645
_d2645